| LEADER |
00853nam0a2200193 450 |
| 001 |
16836280 |
| 010 |
|
|
|a 978-2-37418-068-7
|b cart.
|d 18
|
| 100 |
|
|
|a 20181221d2019 u u0frey01 ba
|
| 101 |
0 |
|
|a fre
|
| 102 |
|
|
|a FR
|
| 200 |
0 |
|
|a Amour n'a pas d'âge (L')
|f Thibaut Lambert
|
| 207 |
|
1 |
|a
|
| 210 |
|
|
|a Vincennes (Val-de-Marne)
|c Des ronds dans l'O
|d 2019
|
| 215 |
|
|
|a 1 vol. (92 p.)
|c illustrations en couleur
|d 27 x 20 cm
|
| 330 |
|
|
|a Un Ephad, des seniors, de la séduction, du rire et des moments de doute
Une histoire d'âme-our presque « banale », si on oublie quils nont plus 20 ans et que leurs vies respectives les a marqués.
|
| 700 |
|
0 |
|a Lambert
|b Thibaut
|4 70
|
| 900 |
|
|
|a Bandes déssinées ADULTE
|
| 901 |
|
|
|a Accessible au prêt
|
| 995 |
|
|
|a Bibliothèque
|c Bibliothèque
|f 00156011534542
|h 00156011534542
|k BDA LAM
|o p
|q a
|r az
|e Bibliothèque
|